Компютърен клуб в гората | Коледа в гората (Запис номер 388701)
[ съкратено ]
| 000 -Лидер | |
|---|---|
| Контролно поле с фиксирана дължина | 01292nam a2200289 a 4500 |
| 003 - Код на организацията, давaща контролен номер | |
| Контролно поле | BLK |
| 005 - Дата и час на последна редакция | |
| Контролно поле | 20231121005357.0 |
| 008 - Елементи от данни с фиксирана дължина | |
| fixed length control field | 200925b bu |||||r|||| 00| | bu d |
| 020 ## - Международен стандартен номер на книга ISBN | |
| Международен стандартен номер на книга ISBN | 9786191995073 |
| 040 ## - Източник на каталожния запис | |
| Идентификатор на билиотеката - собственик на записа | BLK |
| 041 ## - Код за език | |
| Код за езика на текст/звукозапис или на отделно заглавие | Български |
| Код за езика КДБФ | Български |
| 080 ## - УДК | |
| Текстов определител УДК | Българска литература |
| УДК код - определител по УДК | 821.163.2 |
| УДК определител | -93-1 |
| УДК - код + определител | 821.163.2-93-1 |
| 100 ## - Редна дума - Автор | |
| Автор | Жекова, Ангелина Иванова |
| Дати, свързани с автора | 1944- |
| R(LIN) | 366328 |
| 139 ## - Редно поле | |
| Редна дума | Жекова, Ангелина Иванова и др. |
| 245 ## - Сведения за заглавието | |
| Заглавие | Компютърен клуб в гората |
| Редно поле (дума) | Ангелина Жекова ; ил. Антонина Бабукчиева. |
| 245 ## - Сведения за заглавието | |
| Заглавие | Коледа в гората |
| Редно поле (дума) | Атанас Цанков ; ил. Антонина Бабукчиева |
| 260 ## - Област на издателските данни | |
| 9 (RLIN) | 209475 |
| Място на издаване, разпространение и проч. | София |
| Име на издателя, разпространителя и проч. | Фют |
| Година на издаване | 2020 |
| Печатница | ([София] : [Лито Балкан]) |
| Издателство - префикс ISBN | 978-619-199- ; 978-954-625- |
| 300 ## - Физическа характеристика | |
| Страници | 28 с. : с цв. ил. |
| Размери/Мащаб | 24 см |
| 380 ## - Жанр | |
| Жанр | Детска худож. лит. |
| 490 ## - СЕРИИ (Колекции) | |
| 9 (RLIN) | 434945 |
| Име на серия | Поредица Във вълшебната гора : приказни истории в рими |
| 500 ## - Общи забележки | |
| Забележка | Кор. опис. |
| 700 ## - Други автори (авторска отговорност) | |
| 9 (RLIN) | 599 |
| Лично име | Бабукчиева, Антонина Светославова |
| Автороска отговорност (Описва отношението между автора и произведението) | ил. |
| 852 ## - Местоположение | |
| Форматна сигнатура | Цб 303908 |
| Фондова буква | Хранилище |
| 999 ## - СИСТЕМНИ КОНТРОЛНИ НОМЕРА | |
| Koha biblionumber | 388701 |
| Koha biblioitemnumber | 388701 |
| 942 ## - АРТИКУЛИ | |
| Вид на библиотечния материал | Книги |
| Скрит в OPAC | Не |
| Периодичен библиозапис | Да |
| 944 ## - СЪЗДАВАНЕ И РЕДАКЦИЯ на ЗАПИСА | |
| Създаване/Редакция | Създаване |
| Дата на регистрацията/редакция | 2020-10-06 |
| Служител, извършил регистрацията/редакцията | |
| Статус, дата на статуса | CRON CRON |
| 999 ## - СИСТЕМНИ КОНТРОЛНИ НОМЕРА | |
| Koha biblioitemnumber | 388701 |
| Код за отписване | Код за изгубен артикул | Източник на класификационната схема | Код за повреда | Коз за рестрикции | Код за отдаване | Артикулен № | Име на библиотеката - собственик | Име на библиотеката, в която се намира в момента | Статус (Текущо местоположение) | Дата на вписване в системата | Местоположение - отдел | Цена в лева | Систематично азбучна сигнатура | Баркод | Цена в евро | Служебен тип на артикула |
|---|---|---|---|---|---|---|---|---|---|---|---|---|---|---|---|---|
| Не е изгубен | Universal Decimal Classification | Не е повреден | само за читалня | ползва се в читалня | 802570 | Регионална библиотека "Любен Каравелов" Русе | Регионална библиотека "Любен Каравелов" Русе | Хранилище | 2020-10-05 | Хранилище | 3.99 | Цб 303908 | 120000848717 | 2.04 | Книги |